| 000 | 00805nam a22002055i 4500 | ||
|---|---|---|---|
| 001 | 172121 | ||
| 003 | ES-MaACL | ||
| 005 | 20230906214824.0 | ||
| 008 | 090615s1955 sp |||| | spa d | ||
| 080 | _a929 Jofre de Rocaberti (467.13 Amp.)VIII | ||
| 080 | _a946.713 Amp."14" | ||
| 100 | 1 |
_aSobrequés i Vidal, Santiago. _9106999 |
|
| 245 | 1 | 0 |
_aJofre VIII de Rocaberti, Señor de Peralada, y el ocaso de la Edad Media en el Alto Ampurdán / _cpor Santiago Sobrequés Vidal. |
| 260 |
_a[Gerona] : _bEdiciones Biblioteca Palacio Peralada, _c1955. |
||
| 300 |
_aXIX, 189 p., 1 mapa pleg. ; _c27 cm. |
||
| 600 | 1 | 4 |
_aRocabertí i Montcada, Jofre de. _9140697 |
| 651 | 4 |
_aAlt Empordà- _xHistoria. _9140698 |
|
| 710 | 2 |
_aPalacio de Perelada. _bBiblioteca. _9140699 |
|
| 852 |
_aES-MaACL _jC-9439 _9R.37802 |
||
| 999 |
_c172121 _d172121 |
||